[Event "ROM-ch U12"]
[Site "Baile Felix"]
[Date "2017.02.05"]
[Round "4"]
[White "Marin, Andrei"]
[Black "Iliescu, David Adrian"]
[Result "1-0"]
[WhiteElo "1328"]
[BlackElo "1505"]
[PlyCount "85"]
[EventDate "2017.02.02"]
[EventType "swiss"]
[EventRounds "9"]
[EventCountry "ROU"]
[SourceTitle "CBM 176 Extra"]
[Source "ChessBase"]
[SourceDate "2017.03.02"]
[SourceVersion "1"]
[SourceVersionDate "2017.03.02"]
[SourceQuality "1"]

1. e4 e5 2. Nf3 Nc6 3. Bc4 Be7 4. 0-0 Nf6 5. d3 d6 6. c3 Bg4 7. h3 Bh5 8. a4 a5 9. Na3 d5 10. exd5 Nxd5 11. Nb5 Nf6 12. Be3 0-0 13. Qe2 Qd7 14. Rad1 Rad8 15. Bg5 h6 16. Bh4 Rfe8 17. Bxf6 Bxf6 18. Qe4 Qe7 19. g4 Bxg4 20. hxg4 Kh8 21. Bd5 Qd7 22. Bxc6 bxc6 23. Na3 Rb8 24. Nc4 c5 25. Nxa5 Rxb2 26. Ra1 Rc2 27. Rfc1 Rb2 28. Nc4 Rbb8 29. a5 Rbd8 30. Rd1 Qe6 31. Rab1 Ra8 32. Rb7 Rab8 33. Rxc7 Rb3 34. Rxc5 Rxc3 35. Rc6 Qd7 36. Rd6 Qa4 37. Re1 Rb8 38. Rb6 Rd8 39. Rd6 Rb8 40. Nfxe5 Bxe5 41. Qxe5 Rc2 42. Rxh6+ Kg8 43. Qxb8+ 1-0

[Event "ROM-ch U12"]
[Site "Baile Felix"]
[Date "2017.02.05"]
[Round "5"]
[White "Voicu, Teodor Mihnea"]
[Black "Marin, Andrei"]
[Result "1-0"]
[WhiteElo "1664"]
[BlackElo "1328"]
[PlyCount "81"]
[EventDate "2017.02.02"]
[EventType "swiss"]
[EventRounds "9"]
[EventCountry "ROU"]
[SourceTitle "CBM 176 Extra"]
[Source "ChessBase"]
[SourceDate "2017.03.02"]
[SourceVersion "1"]
[SourceVersionDate "2017.03.02"]
[SourceQuality "1"]

1. e4 e5 2. Nf3 Nf6 3. Nc3 Bb4 4. d3 Nc6 5. Bd2 d6 6. Be2 0-0 7. 0-0 h6 8. h3 Be6 9. Nh2 Nd4 10. Kh1 c6 11. a3 Ba5 12. f4 Qc7 13. fxe5 Nxe2 14. Qxe2 Bxc3 15. exd6 Qxd6 16. Bxc3 Nh7 17. Qe3 a5 18. a4 Rfd8 19. Nf3 Qd7 20. Nd4 Ng5 21. h4 Nh7 22. Nf5 Bxf5 23. Rxf5 Re8 24. Qg3 g6 25. Rf2 Qe6 26. Raf1 Re7 27. Qf4 Rd7 28. Qxh6 f6 29. Rxf6 Nxf6 30. Rxf6 Rh7 31. Rxg6+ Kf7 32. Qxh7+ Ke8 33. Rg8+ Qxg8 34. Qxg8+ Ke7 35. Qxa8 Ke6 36. Qe8+ Kd6 37. Qf7 Kc5 38. Qe7+ Kb6 39. Bd4+ Ka6 40. Qc5 b6 41. Qxb6# 1-0

[Event "ROM-ch U12"]
[Site "Calimanesti Caciulata"]
[Date "2016.04.21"]
[Round "4"]
[White "Lazar, Vladimir"]
[Black "Marin, Andrei"]
[Result "0-1"]
[WhiteElo "1221"]
[BlackElo "1397"]
[PlyCount "46"]
[EventDate "2016.04.18"]
[EventType "swiss"]
[EventRounds "9"]
[EventCountry "ROU"]
[SourceTitle "CBM 172 Extra"]
[Source "ChessBase"]
[SourceDate "2016.06.21"]
[SourceVersion "1"]
[SourceVersionDate "2016.06.21"]
[SourceQuality "1"]

1. e4 e5 2. Nf3 Nc6 3. Bc4 Be7 4. c3 Nf6 5. d3 0-0 6. Bg5 d6 7. Nbd2 Be6 8. Bb3 h6 9. Bh4 d5 10. exd5 Bxd5 11. Bxf6 Bxf6 12. Bxd5 Qxd5 13. Ne4 Be7 14. Ng3 Rad8 15. d4 exd4 16. cxd4 Bb4+ 17. Kf1 Nxd4 18. Nxd4 Qxd4 19. Qc2 Rfe8 20. Nf5 Qe5 21. Ne3 Rd2 22. Qc1 Qf4 23. a3 Qxf2# 0-1

[Event "ROM-ch U10"]
[Site "Calimanesti"]
[Date "2015.04.05"]
[Round "8"]
[White "Dobrescu, Cezar Constantin"]
[Black "Marin, Andrei"]
[Result "0-1"]
[WhiteElo "1392"]
[BlackElo "1425"]
[PlyCount "58"]
[EventDate "2015.03.30"]
[EventType "swiss"]
[EventRounds "9"]
[EventCountry "ROU"]
[SourceTitle "CBM 165 Extra"]
[Source "ChessBase"]
[SourceDate "2015.04.21"]
[SourceVersion "1"]
[SourceVersionDate "2015.04.21"]
[SourceQuality "1"]

1. e4 e5 2. Nf3 Nc6 3. Bc4 d6 4. Nc3 Bg4 5. h3 Bh5 6. d3 Nf6 7. Bg5 Be7 8. g4 Bg6 9. Nh4 Na5 10. Nxg6 hxg6 11. h4 Nxc4 12. dxc4 Qd7 13. Bxf6 Bxf6 14. g5 Bxg5 15. h5 0-0-0 16. Qf3 gxh5 17. Rxh5 f6 18. Ke2 Qc6 19. b3 Rxh5 20. Qxh5 Bh6 21. Nd5 Kb8 22. f3 Qc5 23. c3 c6 24. Ne7 Qe3+ 25. Kf1 Qd3+ 26. Kg2 Qd2+ 27. Kh3 Bf4 28. Rh1 Qf2 29. Qg4 Rh8+ 0-1

[Event "ROM-ch U10"]
[Site "Calimanesti"]
[Date "2015.03.31"]
[Round "2"]
[White "Menlibai, Deniz Edvin"]
[Black "Marin, Andrei"]
[Result "1-0"]
[WhiteElo "1519"]
[BlackElo "1425"]
[PlyCount "95"]
[EventDate "2015.03.30"]
[EventType "swiss"]
[EventRounds "9"]
[EventCountry "ROU"]
[SourceTitle "CBM 165 Extra"]
[Source "ChessBase"]
[SourceDate "2015.04.21"]
[SourceVersion "1"]
[SourceVersionDate "2015.04.21"]
[SourceQuality "1"]

1. e4 e5 2. Nf3 Nc6 3. c3 Be7 4. d4 exd4 5. cxd4 d5 6. exd5 Qxd5 7. Nc3 Qd8 8. Bf4 a6 9. Bc4 Nf6 10. a3 0-0 11. h3 Re8 12. 0-0 Bf5 13. Qd2 Na5 14. Ba2 Ne4 15. Nxe4 Bxe4 16. Qxa5 Bxf3 17. gxf3 Qxd4 18. Bg3 Bd6 19. Qd5 Qf6 20. Rfe1 Red8 21. Qe4 Re8 22. Qxe8+ Rxe8 23. Rxe8+ Bf8 24. Rae1 h6 25. Rb8 Qxb2 26. Bc4 Qc3 27. Ree8 Qxc4 28. Rxf8+ Kh7 29. Rxb7 Qc6 30. Rb3 Qe6 31. Re3 Qxh3 32. Rxf7 c5 33. Rc7 Qf5 34. Rc3 Qb1+ 35. Kg2 h5 36. R3xc5 Qg6 37. Rc4 Qg5 38. Rh4 a5 39. a4 Qg6 40. Rc5 Kg8 41. Rhxh5 Qe8 42. Rxa5 g6 43. Rhg5 Kg7 44. Ra6 Kh7 45. Rgxg6 Kh8 46. Rgb6 Kh7 47. Ra7+ Kg8 48. Rb8 1-0

[Event "ROM-ch U10"]
[Site "Calimanesti"]
[Date "2014.04.12"]
[Round "8"]
[White "Boeru, Darius Alexandru"]
[Black "Marin, Andrei"]
[Result "1-0"]
[WhiteElo "1551"]
[BlackElo "1256"]
[PlyCount "76"]
[EventDate "2014.04.06"]
[EventType "swiss"]
[EventRounds "9"]
[EventCountry "ROU"]
[SourceTitle "CBM 160 Extra"]
[Source "ChessBase"]
[SourceDate "2014.07.01"]
[SourceVersion "1"]
[SourceVersionDate "2014.07.01"]
[SourceQuality "1"]

1. d4 Nf6 2. c4 e6 3. Nf3 d5 4. cxd5 exd5 5. Bf4 Bb4+ 6. Nbd2 Bg4 7. Qb3 Nc6 8. Rc1 Bxd2+ 9. Nxd2 Nxd4 10. Qxb7 Ne6 11. Bxc7 Nxc7 12. Rxc7 Rc8 13. Rxc8 Bxc8 14. Qxa7 0-0 15. e3 Qd6 16. Bd3 Qb4 17. Qd4 Qe7 18. 0-0 Be6 19. b4 Rb8 20. b5 Qd6 21. a4 Bd7 22. Rb1 Qa3 23. Nb3 Qa2 24. Nc5 Be6 25. Qe5 Re8 26. Qc7 Rc8 27. Qa7 Qa3 28. Nb3 d4 29. b6 Bxb3 30. b7 Be6 31. bxc8Q+ Bxc8 32. Qa8 Qc5 33. Rb8 Ne8 34. Rxc8 g6 35. Rxc5 Kg7 36. Qxe8 f5 37. Qe7+ Kh6 38. Qf8+ Kh5 1-0

[Event "ROM-ch U10"]
[Site "Calimanesti"]
[Date "2014.04.10"]
[Round "6"]
[White "Perescu, Bruno"]
[Black "Marin, Andrei"]
[Result "0-1"]
[WhiteElo "1035"]
[BlackElo "1256"]
[PlyCount "76"]
[EventDate "2014.04.06"]
[EventType "swiss"]
[EventRounds "9"]
[EventCountry "ROU"]
[SourceTitle "CBM 160 Extra"]
[Source "ChessBase"]
[SourceDate "2014.07.01"]
[SourceVersion "1"]
[SourceVersionDate "2014.07.01"]
[SourceQuality "1"]

1. e4 c5 2. Nf3 d6 3. Nc3 Nf6 4. d3 g6 5. Bd2 Bg7 6. Be2 0-0 7. 0-0 Bg4 8. h3 Be6 9. Bg5 Nc6 10. a3 Qd7 11. Qd2 Nd4 12. Nxd4 cxd4 13. Na2 Rac8 14. c3 Bb3 15. Bd1 Qa4 16. Bf4 e5 17. Bg5 Bxd1 18. Rfxd1 dxc3 19. bxc3 Rc7 20. Rdc1 Rfc8 21. Bxf6 Bxf6 22. Kh2 Bg7 23. f3 h5 24. g4 h4 25. c4 f6 26. Qc3 b5 27. Qb4 Qxb4 28. Nxb4 bxc4 29. dxc4 Rxc4 30. Rxc4 Rxc4 31. Nd3 Rc3 32. Ne1 Bh6 33. Ng2 Rxf3 34. Nxh4 Rf2+ 35. Kg3 Rb2 36. Nxg6 Rb8 37. Kh4 Bg5+ 38. Kh5 Rb3 0-1

[Event "ROM-ch U10"]
[Site "Calimanesti"]
[Date "2014.04.08"]
[Round "3"]
[White "Marin, Andrei"]
[Black "Ungureanu, Stefanis Nicolae"]
[Result "1-0"]
[WhiteElo "1256"]
[BlackElo "1001"]
[PlyCount "43"]
[EventDate "2014.04.06"]
[EventType "swiss"]
[EventRounds "9"]
[EventCountry "ROU"]
[SourceTitle "CBM 160 Extra"]
[Source "ChessBase"]
[SourceDate "2014.07.01"]
[SourceVersion "1"]
[SourceVersionDate "2014.07.01"]
[SourceQuality "1"]

1. Nf3 Nc6 2. d4 d6 3. d5 Nb8 4. Bf4 Nf6 5. Nc3 e5 6. dxe6 fxe6 7. e3 e5 8. Bg5 Nc6 9. Bb5 Bd7 10. Nd5 a6 11. Bxf6 gxf6 12. Bc4 Nb4 13. Nxb4 c5 14. Qd5 Qe7 15. Qxb7 Rc8 16. Nd5 Qd8 17. Nd2 Rb8 18. Nxf6+ Qxf6 19. Qxb8+ Qd8 20. Qb3 Rg8 21. Bxg8 h5 22. Qf7# 1-0

[Event "ROM-ch U10"]
[Site "Calimanesti"]
[Date "2014.04.06"]
[Round "1"]
[White "Marin, Andrei"]
[Black "Turcuman, Alexandru Gabriel"]
[Result "1-0"]
[WhiteElo "1256"]
[BlackElo "1001"]
[PlyCount "49"]
[EventDate "2014.04.06"]
[EventType "swiss"]
[EventRounds "9"]
[EventCountry "ROU"]
[SourceTitle "CBM 160 Extra"]
[Source "ChessBase"]
[SourceDate "2014.07.01"]
[SourceVersion "1"]
[SourceVersionDate "2014.07.01"]
[SourceQuality "1"]

1. Nf3 d5 2. d4 Nc6 3. c4 dxc4 4. Nc3 Bf5 5. e4 Bg4 6. d5 Bxf3 7. Qxf3 Ne5 8. Qg3 f6 9. Bf4 Qd6 10. Bxc4 a6 11. 0-0 Nh6 12. a3 g5 13. Bxe5 Qxe5 14. Qxe5 fxe5 15. f3 0-0-0 16. g4 Rg8 17. d6 Rg6 18. dxc7 Rc6 19. cxd8Q+ Kxd8 20. Rad1+ Kc8 21. Nd5 e6 22. Rc1 exd5 23. exd5 Rc7 24. d6 Rd7 25. Be6+ 1-0

[Event "ROM-ch U08"]
[Site "Calimanesti"]
[Date "2013.04.04"]
[Round "4"]
[White "Bulgariu, Andrei"]
[Black "Marin, Andrei"]
[Result "1-0"]
[WhiteElo "1140"]
[BlackElo "1165"]
[PlyCount "37"]
[EventDate "2013.04.02"]
[EventType "swiss"]
[EventRounds "9"]
[EventCountry "ROU"]
[SourceTitle "CBM 153 Extra"]
[Source "ChessBase"]
[SourceDate "2013.04.22"]
[SourceVersion "1"]
[SourceVersionDate "2013.04.22"]
[SourceQuality "1"]

1. e4 c5 2. Nf3 d6 3. c3 Bg4 4. Be2 Nf6 5. h3 Bh5 6. 0-0 Nxe4 7. Qa4+ Nc6 8. Qxe4 d5 9. Qc2 e5 10. d3 Bd6 11. Re1 Bxf3 12. Bxf3 Bc7 13. g3 0-0 14. Qb3 d4 15. Qxb7 Qd7 16. Qxc6 Qxc6 17. Bxc6 Rab8 18. Rd1 f5 19. f4 1-0